| 000 | 00753cab a2200241 4500 | ||
|---|---|---|---|
| 001 | WB3146-52 | ||
| 008 | 090401t1995 xxu||||| |||| 00| 0 eng d | ||
| 035 | _a(Sirsi) u45924 | ||
| 041 | _aeng | ||
| 245 | _aPrivate sector urged to invest in Thames Gateway | ||
| 260 | _c1995 | ||
| 350 | _a0 | ||
| 490 |
_aDoE News Release _v(591) 1 December 1995, (2) |
||
| 520 | _aAt the launch of the Thames Gateway London Partnership, the Regeneration Minister Curry urged the private sector to invest in the scheme. | ||
| 650 | _aEAST LONDON | ||
| 650 | _aPRIVATE INVESTMENT | ||
| 650 | _aPRIVATE SECTOR | ||
| 650 | _aTHAMES GATEWAY LONDON PARTNESHIP | ||
| 650 | _aURBAN REGENERATION | ||
| 690 | _aURBAN RENEWAL | ||
| 942 | _n0 | ||
| 948 | _c04/03/1997 | ||
| 999 |
_c29056 _d29056 |
||